000 00620cam a22002291 4500
001 af 48004615
003 DLC
005 20260227110909.0
008 890518s1944 be 000 1 dut c
010 _aaf 48004615
035 _a(OCoLC)19731952
040 _aCalifornia. Univ. Libr.
_cCU
_dDLC
042 _apremarc
050 0 0 _aPT6430.H28
_bW5 1944
100 1 _aHallen, Ernest van der,
_d1898-1948.
245 1 3 _aDe wind waait,
_broman.
260 _aBrugge,
_bDe Kinkhoren,
_c1944.
300 _a143 p.
_c20 cm.
490 1 _aRomanreeks "Korenaren,"
_v8
500 _a"Deerde druk."
830 0 _aKorenaren ;
_v8.
999 _c6137
_d6137